Trata de seres humanos (Registro nro. 325006)

Detalles MARC
000 -ENCABEZADO
Número de control [NR] 00717nam a22002057a 4500
005 - FECHA Y HORA DE LA ÚLTIMA TRANSACCIÓN
control field 20241108085350.0
008 - DE LONGITUD FIJA DE DATOS DE ELEMENTOS - INFORMACIÓN GENERAL
Elementos de longitud fija [NR] 241108t ||||| |||| 00| 0 spa d
020 ## - NUMERO INTERNACIONAL NORMALIZADO PARA LIBROS [R]
Número Internacional Normalizado del libro [NR] 9788413406435
040 ## - FUENTE DE CATALOGACION [NR]
Agencia de catalogación original [NR] CO-BoUCM
Quien Cataloga David Moreno
Quien Clasifica David Moreno
041 ## - CODIGO DE IDIOMA [R]
Código de idioma para texto/pista de sonido o título separado [R] Español
245 10 - MENCION DE TITULO [NR]
Título [NR] Trata de seres humanos
Parte restante del título [NR] inmoralidad e injusticia
Mención de responsabilidad, etc. [NR] Pedro Luis Blasco
260 ## - PUBLICACION, DISTRIBUCION, ETC. (PIE DE IMPRENTA) [R]
Lugar de publicación, distribución, etc. [R] Zaragoza
Nombre del editor, distribuidor, etc. [R] Prensas de la Universidad de Zaragoza
Fecha de publicación, distribución, etc. [R] 2023
300 ## - DESCRIPCION FISICA [R]
Extensión [R] 288 Páginas
650 14 - ASIENTO SECUNDARIO DE MATERIA - TERMINO TEMATICO [R]
Término temático o nombre geográfico como elemento de entrada [NR] Trata de personas
9 (RLIN) 25806
650 14 - ASIENTO SECUNDARIO DE MATERIA - TERMINO TEMATICO [R]
Término temático o nombre geográfico como elemento de entrada [NR] Delitos contra la persona
9 (RLIN) 12579
650 14 - ASIENTO SECUNDARIO DE MATERIA - TERMINO TEMATICO [R]
Término temático o nombre geográfico como elemento de entrada [NR] Crímenes contra la humanidad
9 (RLIN) 12143
700 1# - ASIENTO SECUNDARIO - NOMBRE PERSONAL [R]
Nombre personal [NR] Blasco, Pedro Luis
Término de relación [R] director
9 (RLIN) 183738
942 ## - ELEMENTOS DE ENTRADA AGREGADOS (KOHA)
Sistema de clasificación DEWEY
Tema principal Derecho
Tipo de ítem principal el descrito en 300a Libro
Edición 1
Clasificación 364
Parte restante de la signatura top. B644t
Título oculto en OPAC No
Existencias
Signatura topográfica Código de barras Última vez visto Ejemplar Costo de reposición Price effective from Tipo de ítem Nota pública (OPAC) Perdido Sistema de clasificación Dañado No prestable Tipo de ítem específico Suprimido Ubicación habitual Ubicación actual Localización Fecha de creación Forma de adquisición
364 B644t 100173412 04/12/2025 Ej.1 26000.00 08/11/2024 Libro Spot Criminología e Investigación Criminal   DEWEY     Libro   Claustro Claustro 3er piso 08/11/2024 Donación